| 000 | 00458nam a22001697a 4500 | ||
|---|---|---|---|
| 003 | OSt | ||
| 005 | 20140310182212.0 | ||
| 008 | 130906t xxu||||| |||| 00| 0 eng d | ||
| 020 | _a8124304300 | ||
| 050 |
_aGB 406 _b.Se497 [ca.1990] |
||
| 082 |
_aHS 910.02 _bSe7 c.1 |
||
| 245 | _aThe Seven wonders of the natural world. | ||
| 260 |
_aIndia : _bNavneet Publication Ltd, _c200_?. |
||
| 300 |
_a32 p. : _c28 cm. |
||
| 942 |
_2lcc _cHS |
||
| 999 |
_c10494 _d10494 |
||